mysqli: Table './ulib62015/stat_globaluid' is marked as crashed and should be repaired
select id from stat_globaluid where statuid='20260517173940_4470'
mysqli: Table './ulib62015/stat_globaluid' is marked as crashed and should be repaired
DELETE FROM stat_globaluid
WHERE id NOT IN (
SELECT id
FROM (
SELECT id
FROM stat_globaluid
ORDER BY id DESC
LIMIT 100
) foo
);
mysqli: Table './ulib62015/stat_globaluid' is marked as crashed and should be repaired
insert into stat_globaluid set
statuid='20260517173940_4470',
dt='1779014380',
phpself='/ULIB62015/dublinfull.php',
agent='Mozilla/5.0 AppleWebKit/537.36 (KHTML, like Gecko; compatible; ClaudeBot/1.0; +claudebot@anthropic.com)',
yea='2026',
mon='5',
dat='17',
ip='216.73.216.45'
mysqli: Table './ulib62015/stathist_viewbib_bib_type' is marked as crashed and should be repaired
insert into stathist_viewbib_bib_type set
dat='17' ,
mon='05' ,
yea='2026' ,
statuid='20260517173940_4470' ,
head='24641' ,
foot='marc' ,
dt='1779014380'
| LEADER : 01174nam 2200277 a 4500 |
| 001 24641 |
| 003 ULIB |
| 008 030417s2541 caua sb 001 0 tha |
| 020 ^a9746613111
|
| 060 04 ^aQU145^bภ921 2541
|
| 245 10 ^aโภชนศาสตร์สำหรับพยาบาล^nเล่ม 1 /^cวีนัส ลีฬหกุล, ถนอมขวัญ ทวีบูรณ์, บรรณาธิการ
|
| 260 ^aกรุงเทพฯ :^bบุญศิริการพิมพ์,^c2541
|
| 300 ^a203 หน้า :^bภาพประกอบ ;^c26 ซม.
|
| 650 4 ^aโภชนศาสตร์^xตำราทางการพยาบาล
|
| 700 0 ^aวีนัส ลีฬหกุล,^eบรรณาธิการ
|
| 700 0 ^aถนอมขวัญ ทวีบูรณ์,^eบรรณาธิการ
|
| 945 ^p220^l0^i004287
|
| 945 ^p0^l0^i004288 |
| 999 ^a57066
|
| คุณยังไม่ได้ล็อกอิน คุณสามารถมีกิจกรรมร่วมกับเว็บไซต์ได้ แต่ต้องล็อกอินก่อน :: |
|
|
|
| ลำดับที่ |
ประเภท |
เลขเรียก/บาร์โค้ด |
สถานที่ |
สถานะ |
| 1. |
 หนังสือ สถานะ=หนังสือเก่า | QU145 ภ921 2541 ฉ.1 Barcode: 004287 | หนังสือทั่วไป | บนชั้น ขอยืม |
| 2. |
 หนังสือ สถานะ=หนังสือเก่า | QU145 ภ921 2541 ฉ.2 Barcode: 004288 | หนังสือทั่วไป | บนชั้น ขอยืม |
|
ยังไม่เคยถูกคอมเมนท์
|
| คอมเมนท์ทรัพยากรรายการนี้ |
|